Southville International School and Colleges
Your cart is empty.
  • Cart
  • Lists
    Public lists Eva Luna New books Lux_list list_1
    Your lists Log in to create your own lists
  • Log in to your account
  • Your cookies
  • Search history
Southville International School and Colleges
  • Advanced search
  • Recent comments
  • Most popular
  • Libraries

Log in to your account

Log in with GOOGLE


If you do not have an external account, but do have a local account, you can still log in:

  1. Home
  2. MARC view: Conversational Thai in 7 days /
Normal view MARC view ISBD view

Conversational Thai in 7 days / (Record no. 363405)

[ view plain ]
MARC details
000 -LEADER
fixed length control field 00609nam a2200217Ia 4500
008 - FIXED-LENGTH DATA ELEMENTS--GENERAL INFORMATION
fixed length control field 200601s9999 xx 000 0 und d
020 ## - INTERNATIONAL STANDARD BOOK NUMBER
International Standard Book Number 0-07-143291-4
050 ## - LIBRARY OF CONGRESS CALL NUMBER
Classification number REF PL 4163
050 ## - LIBRARY OF CONGRESS CALL NUMBER
Item number .B83 2004
100 ## - MAIN ENTRY--PERSONAL NAME
Personal name Buasai, Somsong.
245 #0 - TITLE STATEMENT
Title Conversational Thai in 7 days /
245 #0 - TITLE STATEMENT
Statement of responsibility, etc Somsong Buasai and David Smyth.
260 ## - PUBLICATION, DISTRIBUTION, ETC. (IMPRINT)
Place of publication, distribution, etc New York :
260 ## - PUBLICATION, DISTRIBUTION, ETC. (IMPRINT)
Name of publisher, distributor, etc McGraw-Hill.
260 ## - PUBLICATION, DISTRIBUTION, ETC. (IMPRINT)
Date of publication, distribution, etc 2004
300 ## - PHYSICAL DESCRIPTION
Extent 92 pages :
300 ## - PHYSICAL DESCRIPTION
Other physical details color illustrations ;
300 ## - PHYSICAL DESCRIPTION
Dimensions 21 cm.
650 ## - SUBJECT ADDED ENTRY--TOPICAL TERM
Topical term or geographic name as entry element Thai language -- Conversation and phrase books -- English.
650 ## - SUBJECT ADDED ENTRY--TOPICAL TERM
General subdivision Thai language -- Spoken Thai.
Holdings
Withdrawn status Lost status Damaged status Home library Current library Shelving location Date acquired Cost, normal purchase price Total Checkouts Full call number Barcode Date last seen Price effective from Koha item type
      South Mansfield College South Mansfield College Reference Section 06/01/2020 520.00   REF PL 4163 .B83 2004 SMC03375 06/01/2020 06/01/2020 Books

Conversational Thai in 7 days /

APA

Buasai S., .Conversational Thai in 7 days. New York: .

Chicago

Buasai Somsong, .Conversational Thai in 7 days. New York: .

Harvard

Buasai S., .Conversational Thai in 7 days. New York: .

MLA

Buasai Somsong, .New York: . .

  • Place hold
  • Print
  • Cite
  • Add to your cart (remove)
  • Save record
    BIBTEX Dublin Core MARCXML MARC (non-Unicode/MARC-8) MARC (Unicode/UTF-8) MARC (Unicode/UTF-8, Standard) MODS (XML) RIS
  • More searches
    Search for this title in:
    Other Libraries (WorldCat) Other Databases (Google Scholar) Online Stores (Bookfinder.com) Open Library (openlibrary.org)

Exporting to Dublin Core...

SOUTHVILLE LIBRARY

Southville International School and Colleges Library

1281 Tropical Ave. Cor. Luxembourg St., BF Homes International, Las Pinas City

Tel. No. 8256374 / 252358 Loc. 117/146

Powered by Koha